Kingdom Hearts - Ultimate Quiz - Statistics

General Stats
  • This quiz has been taken 296 times
  • The average score is 90 of 159
Answer Stats
Hint Answer % Correct
Where it all began... Kingdom Hearts
98%
The most anticipated in the franchice (the newest one) Kingdom Hearts 3
98%
Third and best game in the series Kingdom Hearts 2
95%
Main protagonist Sora
93%
Prequel game to the first one, happens 10 years before Kingdom Hearts: Birth By Sleep
92%
Main protagonist's best friend, has silver hair Riku
92%
Friend of main protagonist (dog) Goofy
91%
Main protagonist's girlfriend, has red hair Kairi
91%
Second game in the series Kingdom Hearts: Chain of Memories
91%
Newer version for the game Kingdom Hearts Re:Chain of Memories
91%
Mysterious weapon used to fight against darkness Keyblade
90%
Friend of main protagonist (duck) Donald Duck
89%
A creature of darkness, steals hearts Heartless
89%
King of Disney Castle Mickey Mouse
88%
Main protagonist's nobody | Number XIII Roxas
88%
Red haired girl's nobody Naminé
87%
Blue haired protagonist who falls to the realm of darkness Aqua
86%
Main antagonist's nobody | Number I Xemnas
86%
Number VIII Axel
85%
KH1 World - The starting world Destiny Islands
85%
Game where you enter the Mark of Mastery exam Kingdom Hearts 3D: Dream Drop Distance
85%
An creature made when a creature of darkness is created Nobody
85%
Possessed by the main antagonist, Lingering will Terra
85%
Been sleeping for over 10 years inside the main protagonist's heart | D-Leader 3: The one who sleeps inside Sora's heartfor a decade Ventus
85%
Newer version of the game Kingdom Hearts Re:Coded
84%
Number XIV Xion
83%
Main antagonist of the saga Master Xehanort
82%
Number XI Marluxia
81%
Name of the main protagonist's weapon Kingdom Key Kingdom Key
79%
Number XII Larxene
78%
Number VII Saïx
78%
Ventus's darkness Vanitas
78%
Number II Xigbar
78%
KH1 World - Based of Aladdin | KH2 World - Based of Aladdin Agrabah
77%
Riku's age in KH1 15
76%
Main protagonist of FFVII, has a big sword Cloud
76%
Game where you enter the data worlds Kingdom Hearts: Coded
76%
KH3 World - Olympus Coliseum Olympus
76%
KH1 World - Where you end up after the first world Traverse Town
76%
Number IV Vexen
76%
Sora's age in KH1 14
75%
Number IX Demyx
75%
The master of A, T & V Master Eraqus
75%
Queen of Disney Castle Minnie Mouse
75%
The transportation vehicle Sora and team use Gummi Ship
74%
Former keyblade master and the king's teacher, His name spelled backwards is Disney Yen Sid
74%
KH1 World - Based of The Nightmare before Christmas | KH2 World - Based of The Nightmare before Christmas Halloween Town
73%
KH1 World - Where you find Kairi and save the princesses of light Hollow Bastion
73%
KH2 World - The starting world, where you play the prologue | KH3 World - The town where Roxas used to live in Twilight Town
73%
KH1 World - Based of Alice in Wonderland Wonderland
72%
Number III Xaldin
72%
KH1 World - Based of Winnie the Pooh | KH3 World - Based of Winnie the Pooh 100 Acre Wood
71%
KH2 World - Based of Winnie the Pooh 100 Acre wood
71%
Number X Luxord
71%
KH1 World - Based of Pinoccio Monstro
71%
Number VI Zexion
71%
KH1 World - Based of Tarzan Deep Jungle
70%
KH1 World - Based of Peter Pan Neverland
70%
KH1 World - Based of Little Mermaid | KH2 World - Based of Little Mermaid Atlantica
69%
Number V Lexaeus
68%
KH3 World - The Fated Place, the place of fallen keyblade wielders The Keyblade Graveyard
68%
KH2 World - The final world in the game The World That Never Was
68%
The main currency in the series Munny
67%
KH2 World - The kingdom where King Mickey is the ruler of Disney Castle
66%
Creatures endangering the princesses of light in BBS, they come from Vanitas Unversed
66%
Main antagonist's heartless Ansem, The Seeker of Darkness
64%
KH3 World - Based of Toy Story Toy Box
64%
KH2 World - Based of Beauty and the Beast Beast's Castle
63%
Master of the foretellers Master of Masters
63%
Master Ansem's disguised name when in darkness DiZ
62%
Browser game that takes place in the Keyblade war Kingdom Hearts χ[chi]
62%
Apprenctice of the foreteller's master, the true antagonist of the series, behind everything that has happened. Luxu
62%
KH2 World - Based of The Lion King Pride Lands
62%
KH1 World - The final world in the game The End of The World
61%
KH2 World - Based of Mulan Land of Dragons
60%
KH3 World - Based of Frozen Arendelle
59%
Game which takes place when the main character is sleeping Kingdom Hearts: 358/2 Days
59%
KH2 World - Based of Pirates of the Caribbean: Curse of the Black Pearl Port Royal
59%
KH2 World - Based of Steamboat Willie 1928 short Timeless River
58%
The enemies of the dream worlds Dream eaters
57%
Mobile game that is a reimagining of the browser game Kingdom Hearts: Union χ[Cross]
57%
KH3 World - Based of Big Hero 6 San Fransokyo
57%
Keyblade acquired from synthesising it from a Moogle shop | Keyblade acquired from synthesising it from the Moogles Ultima Weapon
56%
KH3 World - Based of Tangled Kingdom of Corona
55%
KH1 World - Based of Hercules | KH2 World - Based of Hercules Olympus Coliseum
54%
Leader of Vulpeus | Who created the Dandelions? Master Ava
53%
Keyblade acquired from Riku after finding him | Keyblade acquired from a chest in the Grand Hall in Hollow Bastion Oblivion
53%
World - The place where Sora goes when he dies The Final World
53%
First KH game on PS4, play as a female protagonist Kingdom Hearts 0.2: Birth by Sleep – A Fragmentary Passage
52%
Keyblade acquired after saving Hayner and gang | Keyblade acquired from Kairi when she gives you her lucky charm Oathkeeper
52%
KH2 World - Based of Tron Space Paranoids
51%
KH3 World - Based of Monsters Inc. Monstropolis
49%
KH3 World - The final world in the game, where you finally save Kingdom Hearts Scala Ad Caelum
47%
D-Leader 5: The "somebody" of Marluxia, has pink hair Lauriam
46%
Name of Mickey's Keyblade Kingdom Key D
45%
D-Leader 1: silver hair, makes a brief apperance in KHIII Ephemer
44%
Keyblade acquired after defeating Sephiroth in Radient Garden Fenrir
42%
D-Leader 4: Mysterious guy who wears a top hat and black clothes Brain
40%
Leader of Unicornis Master Ira
38%
KH2 World - True name of the world where Sora saved Kairi a year ago Radient Garden
38%
Keyblade acquired from Aladdin after beating Jafar Three Wishes
38%
Companions of Keyblade wielders Chirithy
37%
Leader of Leopardos Master Gula
36%
Keyblade acquired from defeating Sephiroth in the Platinum match One-Winged Angel
36%
Leader of Ursus Master Aced
35%
D-Leader 2: Female friend of number 1, black hair Skuld
35%
KH3 World - Based of Pirates of the Caribbean: At Worlds End Caribbean
34%
Keyblade acquired from defeating Cloud in Hercules cup Metal Chocobo
34%
Keyblade acquired from a trinity in Wonderland Lady Luck
32%
Leader of Anguis Master Invi
32%
Name of Riku's second keyblade Way to the Dawn
32%
Keyblade acquired from defeating Leon and Cloud in Hades Cup Lionheart
31%
Keyblade acquired from Axel when he dies Bond of Flame
30%
Keyblade acquired from a chest in Olympus Coliseum Olympia
30%
Keybalde acquired from sealing the keyhole in Atlantica Crabclaw
29%
Keyblade acquired from Belle in the Library on your 2nd visit Divine Rose
29%
Keyblade acquired from The Gullwings in Radient Garden Gull Wing
28%
Name of Riku's first keyblade Soul Eater
28%
Keyblade acquired from the three good fairies in Mysterious tower Star Seeker
27%
Keyblade acquired from defeating Ice Titan in the Gold match Diamond Dust
26%
Keyblade acquired from Tarzan Jungle King
26%
Keyblade acquired after saving the cornerstone of light in the Steamboat Willie world Monochrome
26%
Keyblade acquired form 2nd visit to the Beauty and the Beast world Rumbling Rose
25%
Keyblade acquired after finding Simba Circle of Life
24%
Keyblade acquired after defeating Jafar in Aladdin's world Wishing Lamp
24%
Keyblade acquired from Gepetto in Traverse Town Wishing Star
24%
Name of Kairi's keyblade Destiny's Embrace
22%
Keyblade acquired from Tinker Bell after sealing the keyhole Fairy Harp
22%
Keyblade acquired after the boss in Christmas Town Decisive Pumpkin
21%
Keyblade acquired after 1st visit to the Hercules world Hero's Crest
21%
Keyblade acquired after finding Pooh in the cave Sweet Memories
21%
Keyblade acquired after defeating the Hostile Program in the Tron world Photon Debugger
20%
Keyblade acquired after 1st visit to the Mulan world Hidden Dragon
18%
Keyblade acquired from Leon in Hollow Bastion/Radient Garden Sleeping Lion
18%
Keyblade acquired after defeating Barbossa in the Pirates world Follow the Wind
17%
Tthe fourth command guage in KH1 Summons
15%
Name of Riku's third and new keyblade Brave Heart
14%
KH3 World - The place of darkness Dark Realm
14%
Keyblade acquired from completing Godess of Fate cup Fatal Crest
13%
Keyblade acquired from 2nd visit to the Hercules world Guardian Soul
13%
Keyblade acquired after finishing 🎵Ursula's Revenge 🎵 Mysterious Abyss
11%
The Ultimate Key The χ-blade
11%
PTW currency you can buy with real money in the mobile game Jewels
9%
Keyblade acquired from Jack Skellington after defeating Oogie Boogie Pumkinhead
7%
Organization of nobodies Organzation XIII
3%
When two people share one, their destinies become intertwined, they'll remain a part of each others lives no matter what Poupu Fruit
1%
No matching quizzes found
Score Distribution
Percent of People with Each Score
Percentile by Number Answered
Your Score History
You have not taken this quiz